000 00778cab a2200229 4500
001 X3212
008 090401t1996 xxu||||| |||| 00| 0 eng d
035 _a(Sirsi) u29228
041 _aeng
245 _aMarch Estates plc v Gunmark Ltd
260 _c1996
350 _a0
490 _aNew Property Cases
_v1996 NPC 46
520 _aChD 14 March 1996. A company voluntary arrangement by an assignee of the original tenant fials to release the latter from its obligations to pay rent to the landlord. (N.B NO PHOTOCOPYING ALLOWED)
650 _aCOMPANY VOLUNTARY ARRANGEMENTS
650 _aINSOLVENCY ACT 1986
650 _aORIGINAL TENANT
650 _aRENT ARREARS
690 _aLANDLORD AND TENANT-CASE LAW-BUSINESS TENANCIES
942 _n0
948 _c04/03/1997
999 _c19679
_d19679